Ezekiel 25:17 (Pulp Fiction) Quiz Stats

 Plays Quiz Updated Jan 13, 2020

Support Sporcle.
Go Orange.
Score 0/94 Timer 03:00
4 Plays Today
% Correct
The
95.2%
the
95.2%
the
95.2%
the
95.2%
the
95.2%
the
95.2%
the
95.2%
the
95.2%
the
95.1%
the
95.1%
I
93.9%
I
93.9%
and
84%
and
84%
and
83.9%
And
83.9%
and
83.9%
and
83.9%
And
83.9%
is
82.4%
is
82.4%
is
82.4%
is
82.4%
of
80.1%
of
80.1%
of
80.1%
of
80.1%
of
80.1%
of
80%
will,
79.2%
will
79.2%
will
79.2%
% Correct
Lord
74.5%
man
72%
my
71.1%
my
71.1%
my
71.1%
upon
70.4%
upon
70.4%
you
69%
name
68.4%
name
68.4%
thee
67.8%
thee.
67.8%
righteous
67.8%
path
67.2%
on
66.6%
vengeance
64%
vengeance
64%
with
63.4%
he
63.3%
he
63.3%
down
63.2%
in
62.6%
who,
62.2%
who
62.2%
strike
61.8%
know
61.3%
anger
58.5%
all
58.3%
when
57.9%
furious
57.4%
great
57.2%
evil
56.6%
% Correct
beset
56.5%
by
54.6%
brother's
54.3%
brothers.
54.3%
men.
53.6%
sides
53.3%
to
52.5%
for
51.7%
lay
50.5%
those
49.2%
tyranny
47.1%
keeper
46.3%
Blessed
46%
good
44.3%
his
43.8%
valley
43.5%
truly
40.3%
weak
40.2%
destroy
39.5%
attempt
39.2%
darkness,
38.6%
poison
38.4%
through
37.5%
lost
37.4%
inequities
36.5%
children.
35.6%
finder
34.8%
charity
33.4%
shepherds
33%
selfish
32.3%

From the Vault

Double Consonant Pair Words

by Purple_Parrot

Language 10m
We can do that, we just don't want to.
Remove Ads.
Support Sporcle.
Get the best of Sporcle when you Go Orange. This ad-free experience offers more features, more stats, and more fun while also helping to support Sporcle. Thank you for becoming a member.

Show Comments

Extras

Top Quizzes Today


Score Distribution

Your Account Isn't Verified!

In order to create a playlist on Sporcle, you need to verify the email address you used during registration. Go to your Sporcle Settings to finish the process.

Report this User

Report this user for behavior that violates our Community Guidelines.

Details: